25 Nomes mais populares do Brasil começando com Z - Statistics

Estatísticas Gerais
  • Esse quiz foi jogado 181 vezes
  • A pontuação média é 7 de 25
Estatísticas das Respostas
# NOMES FREQUÊNCIA % Correto
7 12.799
96%
1 Zilda 83.135
62%
2 Zélia 57.090
60%
8 Zacarias 11.686
46%
10 Zeni 8.885
40%
5 Zilma 23.382
37%
9 Zulmira 10.773
37%
3 Zenaide 37.500
34%
15 Zuleica 7.158
31%
6 Zuleide 22.928
29%
12 Zaíra 8.018
27%
4 Zenilda 32.641
25%
19 Zaqueu 6.253
23%
11 Zoraide 8.025
21%
17 Zilá 6.819
15%
16 Zenildo 7.011
14%
13 Zeneide 7.910
13%
22 Zildete 3.957
13%
24 Zeferino 3.027
12%
14 Zelinda 7.177
12%
20 Zelina 5.034
10%
18 Zenir 6.570
9%
23 Zulma 3.101
7%
25 Zezito 2.967
3%
21 Zita 4.423
3%
Nenhum quiz correspondente encontrado
Distribuição das Pontuações
Porcentagem de Pessoas com Cada Pontuação
Percentil de Números Respondidos
Sua Pontuação Histórica
Você não jogou esse quiz